Maniquí de prácticas para reanimación cardiopulmonar (Registro nro. 12133)
[ vista simple ]
| 000 -LÍDER | |
|---|---|
| fixed length control field | 00645nom a22001937a 4500 |
| 005 - FECHA DE ÚLTIMA TRANSACCION | |
| control field | 20220609143637.0 |
| 008 - ELEMENTOS DE DATOS - INFORMACIÓN GENERAL | |
| fixed length control field | 190718b xxu||||| |||| 00| 0 spa d |
| 041 ## - CÓDIGO DE LENGUAJE | |
| Código de idioma de texto / pista de sonido o título separado | eng |
| 082 ## - NÚMERO DE ACTIVO | |
| N° Activo | Maniquí de prácticas para reanimación cardiopulmonar |
| 245 ## - TÍTULO | |
| Título | Maniquí de prácticas para reanimación cardiopulmonar |
| 300 ## - DESCRIPCIÓN FÍSICA | |
| Peso | 10.4 Kg |
| 300 ## - DESCRIPCIÓN FÍSICA | |
| Medidas | 78 cm |
| 300 ## - DESCRIPCIÓN FÍSICA | |
| Sexo | No definido |
| 500 ## - NOTA GENERAL | |
| Nota general | Contiene 10 boquillas y 10 sistemas de vías respiratorias.<br/><br/>Se prestan para el mismo día, hasta las 7:50 pm |
| 650 ## - ASIENTO SECUNDARIO DE MATERIA - TÉRMINO DE MATERIA | |
| Término temático | MODELOS ANATÓMICOS |
| 650 ## - ASIENTO SECUNDARIO DE MATERIA - TÉRMINO DE MATERIA | |
| General subdivision | |
| Término temático | REANIMACIÓN CARDIOPULMONAR |
| 650 ## - ASIENTO SECUNDARIO DE MATERIA - TÉRMINO DE MATERIA | |
| Término temático | RCP |
| 942 ## - AÑADIDO ENTRADA ELEMENTOS ( Koha ) | |
| Koha tipo de ítem | Modelo Anatómico |
| Withdrawn status | Estado | Estado físico | Not for loan | Total Checkouts | Clasificación | Número de inscripción | Date last seen | Date checked out | Copy number | Price effective from | Tipo de ítem |
|---|---|---|---|---|---|---|---|---|---|---|---|
| 24 | Maniquí de prácticas para reanimación cardiopulmonar | ACT-7577 | 20/04/2026 | 20/04/2026 | Adam | 18/07/2019 | Modelo Anatómico |